Statistics for Parks and Recreation Trivia

Click here to take the quiz!

General Stats

  • This quiz has been taken 12,619 times
  • The average score is 15 of 20

Answer Stats

HintAnswer% Correct
City it takes place inPawnee
95%
State the show takes place inIndiana
95%
Leslie's favorite foodWaffles
92%
Ron's ex-wife | Ron's other ex-wifeTammy
90%
Actor who portrays Andy DwyerChris Pratt
90%
Famous miniature horseLi'l {Sebastian}
89%
Character also called Larry,
Barry, and Terry
Jerry
89%
Name of Andy's bandMouse Rat
83%
Rich, stuck-up neighboring cityEagleton
81%
Jamm's job (besides city councilman)Orthodontist
77%
Candy company; city's leading employerSweetums
76%
Nightclub that Tom owns part ofThe {Snake}hole
73%
Tom's clothing rental storeRent-a-Swag
70%
Name of Andy and April's dogChampion
66%
City planner who vanished
without a trace after season 2
Mark
Brendanawicz
65%
City's other major employerKernston's Rubber
{Nipples}
60%
Jean-Ralphio's sisterMona Lisa
58%
Enemy of the Parks DepartmentLibrary Department
57%
Burger chain that offers
512oz. beverages
Paunch Burger
54%

Score Distribution

Percentile by Number Answered

Percent of People with Each Score

Your Score History

You have not taken this quiz